000 00497nam a2200181Ia 4500
001 64864
008 211029n ii |||gr||||Z||||||465
020 _a9788170460268
082 _a895
100 _aDevi, Mahasweta,
_eAuthor.
245 0 _aFive plays
_cMahasweta Devi
_hTextual Documents
260 _aCalcutta:
_bSeagull Books,
_c1997.
300 _axxi, 198 p.:
_c17 cm.
653 _aLiteratures of East & Southeast Asia
653 _aPlay
653 _aEnglish literature
942 _2ddc
_cBK
999 _c65964
_d65964